Films de Roberto Rossellini par image - Statistiques

Statistiques générales
  • Ce quiz a été pris 3 fois
  • Le résultat moyen est 6 sur 16
Statistiques - réponses
Par images Réponse % Correct
Rome, ville ouverte
100%
Allemagne année zéro
67%
Païsa
67%
Stromboli
67%
Voyage en Italie
67%
Blaise Pascal
33%
Europe 51
33%
Inde, terre mère
33%
La Peur
33%
La Prise de pouvoir par Louis XIV
33%
Le Messie
33%
Les onze fioretti de François d'Assise
33%
Le Général Della Rovere
0%
Le Navire Blanc
0%
Les Actes des Apôtres
0%
Où est la liberté ?
0%
Aucun quiz correspondant
Distribution des résultats
% des personnes avec chaque résultat
Percentile par nombre de réponses
Votre historique - résultats
Vous n’avez pas pris ce quiz